000 01207cam a22003377a 4500
003 CHAP
005 20220329141856.0
008 980325d1986 mx r 00110 spa d
010 _a75139
011 _a76111
035 _a85688
040 _cCHAP
090 _aTesis
100 0 0 _aFlores Zavala, Eduardo Antonio.
_941797
245 1 0 _aEfecto de la profundidad de siembra sobre el vigor de plántula en cinco variedades de girasol (Helianthus annuus L.)
_c/por Eduardo Antonio Flores Zavala
260 _aMarín, N. L. :
_bEl autor,
_c1986.
300 _a71 h. ;
_bgráfs.
502 _aTesis (Ing. Agr. Fitotecnista) -- Universidad Autónoma de Nuevo León. Facultad de Agronomía
590 _aALEPH
_b10
_c20130110
_lUCH01
_h1423
590 _aBATCH-UPD
_b10
_c20130110
_lUCH01
_h0740
590 _aBATCH-UPD
_b10
_c20130410
_lUCH01
_h0422
590 _aBATCH-UPD
_b10
_c20130914
_lUCH01
_h1420
590 _aCONVERSION
_b10
_c20130109
_lUCH01
_h1341
650 1 4 _aGirasol
_xPlántulas.
_948169
650 1 4 _aGirasol
_xVariedades.
_948186
650 1 4 _aSiembra
_xProfundidad.
_9105839
901 _aBK
905 _aLilia Sánchez G.
942 _cTESIS
949 _bBC
_cTES
_d856881
_eTS1
_h19971
_i85688
_sb
999 _c75139
_d75139